| 000 | 00548nam a22001817a 4500 | ||
|---|---|---|---|
| 005 | 20251108165457.0 | ||
| 008 | 250721s1987 xx 000 0 ara d | ||
| 082 | 1 | 4 | _aم/398.903/سمي |
| 100 | 1 | _aشيخاني، سمير | |
| 245 | 1 | 0 |
_aقاموس الحكم و الأمثال : _bيحوي الآلاف من الأمثال و ... / |
| 264 | 1 |
_aبيروت : _bمؤسسة عزالدين، _c1987. |
|
| 300 | _a650ص | ||
| 650 | 1 | 7 | _aالأمثال |
| 650 | 1 | 7 | _aالقواميس |
| 650 | 1 | 7 | _aالأدب |
| 942 |
_2ddc _cREF |
||
| 999 |
_c28859 _d28859 |
||